All Pinnipeds (Seals, Sea Lions, and Walruses) - Statistics

General Stats
  • This quiz has been taken 110 times
  • The average score is 15 of 34
Answer Stats
Hint Answer % Correct
rosmarus Walrus
94%
vitulina Harbor Seal
74%
groenlandicus Harp Seal
72%
leptonyx Leopard Seal
71%
californianus California Sea Lion
68%
angustirostris Northern Elephant Seal
65%
leonina Southern Elephant Seal
65%
grypus Grey Seal
63%
weddellii Weddell seal
57%
hispida Ringed Seal
55%
sibirica Baikal Seal
54%
carcinophaga Crabeater Seal
49%
rossii Ross Seal
49%
jubatus Steller's Sea Lion
48%
schauinslandi Hawaiian Monk Seal
46%
caspica Caspian Seal
45%
monachus Mediterranean Monk Seal
45%
largha Spotted Seal
40%
fasciata Ribbon Seal
38%
barbatus Bearded Seal
37%
wollebaeki Galápagos Sea Lion
35%
galapagoensis Galápagos Fur Seal
34%
cristata Hooded Seal
34%
ursinus Northern Fur Seal
34%
flavescens Southern Sea Lion
34%
forsteri New Zealand Fur Seal
31%
cinerea Australian Sea Lion
29%
pusillus Brown Fur Seal
29%
gazella Antarctic Fur Seal
28%
hookeri New Zealand Sea Lion
25%
townsendi Guadalupe Fur Seal
15%
australis South American Fur Seal
15%
philippii Juan Fernández Fur Seal
12%
tropicalis Subantarctic Fur Seal
11%
No matching quizzes found
Score Distribution
Percent of People with Each Score
Percentile by Number Answered
Your Score History
You have not taken this quiz